000 00272nam a2200097Ia 4500
008 220204s9999 xx 000 0 und d
082 _a929(540)
_bEMI
245 0 _aEminent Indians who was who 1900-1980:Also annual diary of events
260 _aDelhi
_bDurga Das
942 _cBK
999 _c39049
_d39049